A Neotropical companion (Record no. 342820)

MARC details
000 -LEADER
fixed length control field 00552nam a2200193Ia 4500
008 - FIXED-LENGTH DATA ELEMENTS--GENERAL INFORMATION
fixed length control field 191130s1999##################000#0#eng##
020 ## - INTERNATIONAL STANDARD BOOK NUMBER
International Standard Book Number 9780691009742
040 ## - CATALOGING SOURCE
Original cataloging agency ACL
Transcribing agency ACL
082 ## - DEWEY DECIMAL CLASSIFICATION NUMBER
Classification number 579.3 AKT
100 ## - MAIN ENTRY--PERSONAL NAME
Personal name Kricher, John C
245 ## - TITLE STATEMENT
Title A Neotropical companion
Statement of responsibility, etc. John C. Kricher
260 ## - PUBLICATION, DISTRIBUTION, ETC.
Place of publication, distribution, etc. Princeton
Date of publication, distribution, etc. 1999
300 ## - PHYSICAL DESCRIPTION
Extent 504 p., [32] p. of plates : ill. (some col.), maps ; 23 cm
500 ## - GENERAL NOTE
General note include index
650 ## - SUBJECT ADDED ENTRY--TOPICAL TERM
Topical term or geographic name entry element Ecology - Latin America
990 ## - EQUIVALENCES OR CROSS-REFERENCES [LOCAL, CANADA]
Link information for 9XX fields d7e58307ac10000c35264c95780d18de
991 ## -
-- 239545
Holdings
Withdrawn status Lost status Damaged status Not for loan Home library Current library Shelving location Date acquired Total Checkouts Full call number Barcode Date last seen Price effective from Koha item type
        Anna Centenary Library Anna Centenary Library 5TH FLOOR, A WING 15.10.2020   579.3 AKT 167268 15.10.2020 15.10.2020 English Books

Find us on the map